000
00216nam a2200085 4500
001
1234079
005
20250926112447.0
245
_a
TEMEL DÜZEY İÇİN ŞEKİLLİ MATEMATİK SÖZLÜĞÜ
_c
TÜBİTAK
260
_b
TÜBİTAK
999
_c
1234079
_d
1234079